|
|
|
|
| LEADER |
00000nab a2200000ua 4500 |
| 001 |
vtls010804017 |
| 003 |
SK-MaSNL |
| 005 |
20260303152809.0 |
| 008 |
230222s1970 xo |||||||||||||||||eng| |
| 035 |
|
|
|a (urnnbn)urn:nbn:sk:snk:ar-a02abl
|
| 035 |
|
|
|a (uuid)469473aa-a99a-432e-bc7d-ed805189aff3
|
| 035 |
|
|
|a urn:nbn:sk:snk-ab4j16
|
| 040 |
|
|
|a SNKBUCL
|b slo
|c SNKBUCL
|e AACR2
|
| 041 |
0 |
|
|a eng
|
| 044 |
|
|
|a xo
|c SK
|
| 100 |
1 |
|
|a Galabov, A.
|4 aut
|9 1173887
|
| 245 |
1 |
0 |
|a INHIBITORY EFFECT OF N-METHYLN(2-HYDROXYPHENYL)N'-BENZYLTHIOUREA ON MULTIPLICATION OF POLIOVIRUS IN CELL CULTURES
|c A. Galabov, D. Simov, K. Davidkov, L. Shindarov, V. Vassileva
|
| 700 |
1 |
|
|a Simov, D.
|4 aut
|9 1173888
|
| 700 |
1 |
|
|a Davidkov, K.
|4 aut
|9 1173889
|
| 700 |
1 |
|
|a Shindarov, L.
|4 aut
|9 1171089
|
| 700 |
1 |
|
|a Vassileva, V.
|4 aut
|9 1161703
|
| 773 |
0 |
|
|t Acta virologica
|g Roč. 14, č. 5 (1970), s. 401-404
|
| 958 |
|
|
|a OND
|
| 958 |
|
|
|a EUIPO
|
| 958 |
|
|
|a article3
|
| 999 |
|
|
|c 2024939
|d 2026869
|